<?xml version="1.0" encoding="UTF-8"?>
<record
    xmlns:xsi="http://www.w3.org/2001/XMLSchema-instance"
    xsi:schemaLocation="http://www.loc.gov/MARC21/slim http://www.loc.gov/standards/marcxml/schema/MARC21slim.xsd"
    xmlns="http://www.loc.gov/MARC21/slim">

  <leader>01778nam a22002297b 4500</leader>
  <controlfield tag="003">3228</controlfield>
  <controlfield tag="005">20260128151744.0</controlfield>
  <controlfield tag="008">241105b        sa o|||e |||| 001 0 eng d</controlfield>
  <datafield tag="020" ind1=" " ind2=" ">
    <subfield code="a">9781928363118 (Paperback)</subfield>
  </datafield>
  <datafield tag="040" ind1=" " ind2=" ">
    <subfield code="a">MPL</subfield>
    <subfield code="c">3228</subfield>
    <subfield code="b">Eng</subfield>
  </datafield>
  <datafield tag="041" ind1=" " ind2=" ">
    <subfield code="2">E</subfield>
  </datafield>
  <datafield tag="082" ind1=" " ind2=" ">
    <subfield code="a">635.7 GRIF</subfield>
  </datafield>
  <datafield tag="100" ind1=" " ind2=" ">
    <subfield code="a">Griffiths, Jane</subfield>
  </datafield>
  <datafield tag="245" ind1=" " ind2=" ">
    <subfield code="a">Jane's delicious A-Z of herbs /</subfield>
    <subfield code="b">a guide to growing herbs organically in South Africa:</subfield>
    <subfield code="c">Griffiths, Jane</subfield>
  </datafield>
  <datafield tag="260" ind1=" " ind2=" ">
    <subfield code="a">Jeppestown</subfield>
    <subfield code="b">Sunbird Publishers</subfield>
    <subfield code="c">2020</subfield>
  </datafield>
  <datafield tag="300" ind1=" " ind2=" ">
    <subfield code="a">231 pages</subfield>
    <subfield code="c">25cm</subfield>
  </datafield>
  <datafield tag="500" ind1=" " ind2=" ">
    <subfield code="a">Jane&#x2019;s Delicious A-Z of Herbs is a full colour, richly illustrated, hands-on guide to growing and using these productive plants. With a detailed and richly illustrated A-Z reference of 80 plus herbs, the book covers planting and growing, medicinal and culinary uses, as well as their many healing properties.
In her book, Jane shows you how to design and maintain your own herb garden. She also provides practical advice on how to propagate, harvest and preserve herbs, as well as useful tips on how to grow them in containers.</subfield>
  </datafield>
  <datafield tag="520" ind1=" " ind2=" ">
    <subfield code="a">Herbs are rewarding and versatile plants. They are easy to grow and add colour, texture and fragrance to our gardens and food. This is a full-colour, richly illustrated, hands-on guide to growing and using these productive plants. With a detailed and richly illustrated A-Z reference of 80 plus herbs, the book covers planting and growing, medicinal and culinary uses, as well as their many healing properties. In her book, Jane shows you how to design and maintain your own herb garden. She also provides practical advice on how to propagate, harvest and preserve herbs, as well as useful tips on how to grow them in containers.</subfield>
  </datafield>
  <datafield tag="521" ind1=" " ind2=" ">
    <subfield code="a">Adult</subfield>
  </datafield>
  <datafield tag="942" ind1=" " ind2=" ">
    <subfield code="2">ddc</subfield>
    <subfield code="c">BOOK</subfield>
    <subfield code="y">164</subfield>
    <subfield code="z">Cyprian Zikalala</subfield>
  </datafield>
  <datafield tag="942" ind1=" " ind2=" ">
    <subfield code="2">ddc</subfield>
    <subfield code="c">BOOK</subfield>
  </datafield>
  <datafield tag="999" ind1=" " ind2=" ">
    <subfield code="c">769905</subfield>
    <subfield code="d">769904</subfield>
  </datafield>
  <datafield tag="952" ind1=" " ind2=" ">
    <subfield code="0">0</subfield>
    <subfield code="1">0</subfield>
    <subfield code="2">ddc</subfield>
    <subfield code="4">0</subfield>
    <subfield code="7">0</subfield>
    <subfield code="8">600</subfield>
    <subfield code="a">STANRL</subfield>
    <subfield code="b">VUKU</subfield>
    <subfield code="c">Non_Fiction</subfield>
    <subfield code="d">2024-11-05</subfield>
    <subfield code="g">319.95</subfield>
    <subfield code="l">0</subfield>
    <subfield code="o">635.7 GRIF</subfield>
    <subfield code="p">3322803189937</subfield>
    <subfield code="r">2024-11-05</subfield>
    <subfield code="w">2024-11-05</subfield>
    <subfield code="y">BOOK</subfield>
  </datafield>
  <datafield tag="952" ind1=" " ind2=" ">
    <subfield code="0">0</subfield>
    <subfield code="1">0</subfield>
    <subfield code="2">ddc</subfield>
    <subfield code="4">0</subfield>
    <subfield code="7">0</subfield>
    <subfield code="8">600</subfield>
    <subfield code="a">STANRL</subfield>
    <subfield code="b">PERD</subfield>
    <subfield code="c">Non_Fiction</subfield>
    <subfield code="d">2024-11-05</subfield>
    <subfield code="g">319.95</subfield>
    <subfield code="l">0</subfield>
    <subfield code="o">635.7 GRIF</subfield>
    <subfield code="p">3322803189941</subfield>
    <subfield code="r">2024-11-05</subfield>
    <subfield code="w">2024-11-05</subfield>
    <subfield code="y">BOOK</subfield>
  </datafield>
  <datafield tag="952" ind1=" " ind2=" ">
    <subfield code="0">0</subfield>
    <subfield code="1">0</subfield>
    <subfield code="2">ddc</subfield>
    <subfield code="4">0</subfield>
    <subfield code="7">0</subfield>
    <subfield code="8">600</subfield>
    <subfield code="a">STANRL</subfield>
    <subfield code="b">DAGGL</subfield>
    <subfield code="c">Non_Fiction</subfield>
    <subfield code="d">2024-11-05</subfield>
    <subfield code="g">319.95</subfield>
    <subfield code="l">0</subfield>
    <subfield code="o">635.7 GRIF</subfield>
    <subfield code="p">3322803189939</subfield>
    <subfield code="r">2024-11-05</subfield>
    <subfield code="w">2024-11-05</subfield>
    <subfield code="y">BOOK</subfield>
  </datafield>
  <datafield tag="952" ind1=" " ind2=" ">
    <subfield code="0">0</subfield>
    <subfield code="1">0</subfield>
    <subfield code="2">ddc</subfield>
    <subfield code="4">0</subfield>
    <subfield code="7">0</subfield>
    <subfield code="8">600</subfield>
    <subfield code="a">STANL</subfield>
    <subfield code="b">STANL</subfield>
    <subfield code="c">Non_Fiction</subfield>
    <subfield code="d">2024-11-05</subfield>
    <subfield code="g">319.95</subfield>
    <subfield code="o">635.7 GRIF</subfield>
    <subfield code="p">3322803189938</subfield>
    <subfield code="r">2024-11-05</subfield>
    <subfield code="v">319.95</subfield>
    <subfield code="w">2024-11-05</subfield>
    <subfield code="y">BOOK</subfield>
  </datafield>
  <datafield tag="952" ind1=" " ind2=" ">
    <subfield code="0">0</subfield>
    <subfield code="1">0</subfield>
    <subfield code="2">ddc</subfield>
    <subfield code="4">0</subfield>
    <subfield code="7">0</subfield>
    <subfield code="8">600</subfield>
    <subfield code="a">STANRL</subfield>
    <subfield code="b">WAKKL</subfield>
    <subfield code="c">Non_Fiction</subfield>
    <subfield code="d">2024-11-19</subfield>
    <subfield code="g">319.95</subfield>
    <subfield code="l">0</subfield>
    <subfield code="o">635.7 GRIF</subfield>
    <subfield code="p">3322803189940</subfield>
    <subfield code="r">2024-11-19</subfield>
    <subfield code="w">2024-11-19</subfield>
    <subfield code="y">BOOK</subfield>
  </datafield>
  <datafield tag="952" ind1=" " ind2=" ">
    <subfield code="0">0</subfield>
    <subfield code="1">0</subfield>
    <subfield code="2">ddc</subfield>
    <subfield code="4">0</subfield>
    <subfield code="7">0</subfield>
    <subfield code="8">600</subfield>
    <subfield code="a">STANRL</subfield>
    <subfield code="b">VOLKL</subfield>
    <subfield code="c">Non_Fiction</subfield>
    <subfield code="d">2024-11-19</subfield>
    <subfield code="g">319.95</subfield>
    <subfield code="l">0</subfield>
    <subfield code="o">635.7 GRIF</subfield>
    <subfield code="p">3322803189944</subfield>
    <subfield code="r">2024-11-19</subfield>
    <subfield code="w">2024-11-19</subfield>
    <subfield code="y">BOOK</subfield>
  </datafield>
  <datafield tag="952" ind1=" " ind2=" ">
    <subfield code="0">0</subfield>
    <subfield code="1">0</subfield>
    <subfield code="2">ddc</subfield>
    <subfield code="4">0</subfield>
    <subfield code="7">0</subfield>
    <subfield code="8">600</subfield>
    <subfield code="a">STANRL</subfield>
    <subfield code="b">amer</subfield>
    <subfield code="c">Non_Fiction</subfield>
    <subfield code="d">2024-11-19</subfield>
    <subfield code="g">319.95</subfield>
    <subfield code="l">0</subfield>
    <subfield code="o">635.7 GRIF</subfield>
    <subfield code="p">3322803189943</subfield>
    <subfield code="r">2024-11-19</subfield>
    <subfield code="w">2024-11-19</subfield>
    <subfield code="y">BOOK</subfield>
  </datafield>
  <datafield tag="952" ind1=" " ind2=" ">
    <subfield code="0">0</subfield>
    <subfield code="1">0</subfield>
    <subfield code="2">ddc</subfield>
    <subfield code="4">0</subfield>
    <subfield code="7">0</subfield>
    <subfield code="a">LYDBL</subfield>
    <subfield code="b">LYDBL</subfield>
    <subfield code="d">2026-01-28</subfield>
    <subfield code="l">0</subfield>
    <subfield code="o">635.7 GRIF</subfield>
    <subfield code="p">3228200047810</subfield>
    <subfield code="r">2026-01-28</subfield>
    <subfield code="w">2026-01-28</subfield>
    <subfield code="y">BOOK</subfield>
  </datafield>
</record>
